Natural rubber latex using gamma rays and electron beam radiation: Crosslinking parameters (Record no. 63575)

MARC details
000 -LEADER
fixed length control field 00562nam a2200193Ia 4500
100 ## - MAIN ENTRY--AUTHOR NAME
Personal name Chirinos H
245 #0 - TITLE STATEMENT
Title Natural rubber latex using gamma rays and electron beam radiation: Crosslinking parameters
260 ## - PUBLICATION, DISTRIBUTION, ETC. (IMPRINT)
Name of publisher Kautschuk Gummi Kunststoffe
Year of publication 2007
300 ## - PHYSICAL DESCRIPTION
Number of Pages 535-541
650 ## - SUBJECT ADDED ENTRY--TOPICAL TERM
Topical Term Curing
650 ## - SUBJECT ADDED ENTRY--TOPICAL TERM
Topical Term Electron beam
650 ## - SUBJECT ADDED ENTRY--TOPICAL TERM
Topical Term Gamma ray crosslinking
650 ## - SUBJECT ADDED ENTRY--TOPICAL TERM
Topical Term Natural rubber latex
650 ## - SUBJECT ADDED ENTRY--TOPICAL TERM
Topical Term Response surface methodology
700 ## - ADDED ENTRY--PERSONAL NAME
Personal name Makauuchi K
700 ## - ADDED ENTRY--PERSONAL NAME
Personal name Yoshii F
942 ## - ADDED ENTRY ELEMENTS (KOHA)
Koha item type Journals
Holdings
Withdrawn status Lost status Damaged status Not for loan Home library Current library Shelving location Date acquired Serial Enumeration / chronology Koha item type
      Journals RRII Library RRII Library Rubber technology 14/11/2007 Volume 60, Issue 10 Journals